Wird geladen...

Game theory a nontechnical introduction

Bibliographische Detailangaben
1. Verfasser: Davis, Norton D.
Format: Printed Book
Sprache:English
Veröffentlicht: New York Basic Books 1970
Schlagworte:
LEADER 00506nam a22001577a 4500
005 20151215125229.0
008 091113t xxu||||| |||| 00| 0 eng d
082 |a 519  |b DAV 
100 |a Davis, Norton D.  |9 9147 
245 |a Game theory  |b a nontechnical introduction 
300 |a xix, 210p. 
653 |a Game theory 
942 |c BK  |6 _ 
260 |c 1970  |a New York  |b Basic Books 
999 |c 99869  |d 99869 
952 |0 0  |1 0  |2 ddc  |4 0  |6 5193_DAV  |7 0  |9 125950  |a SMS  |b SMS  |c GEN  |d 2009-11-13  |o 519.3 DAV  |p SMS010667  |r 2009-11-13  |w 2009-11-13  |y BK